Capital market integration and national net worth
Salvato in:
| Autore principale: | |
|---|---|
| Natura: | Libro |
| Lingua: | inglese |
| Pubblicazione: |
Brisbane
The University of Queensland
1992
|
| Serie: | Discussion Paper
No. 98 |
| Soggetti: | |
| Tags: |
Nessun Tag, puoi essere il primo ad aggiungerne!!
|
MARC
| LEADER | 00000nam a2200000 4500 | ||
|---|---|---|---|
| 001 | c100364 | ||
| 005 | 20221123102122.4 | ||
| 022 | |a 1033-4661 | ||
| 041 | 0 | |a eng | |
| 044 | |a AU | ||
| 245 | 1 | 0 | |a Capital market integration and national net worth |c A. Makin |
| 264 | 1 | |a Brisbane |b The University of Queensland |c 1992 | |
| 300 | |a 22 s. | ||
| 490 | 1 | |a Discussion Paper |v No. 98 | |
| 830 | 0 | |a Discussion Paper |v No. 98 | |
| 610 | 2 | 0 | |a trh kapitálový |
| 610 | 2 | 0 | |a trh kapitálový medzinárodný |
| 610 | 2 | 0 | |a integrácia |
| 610 | 2 | 0 | |a liberalizácia |
| 610 | 2 | 0 | |a dlhy |
| 610 | 2 | 0 | |a zadlženosť zahraničná |
| 610 | 2 | 0 | |a Austrália |
| 100 | 1 | |a Makin, A. | |